000 00733nam a2200217Ii 4500
003 JO-AjNU
008 230605s9999||||xx |||||||||||||| ||und||
017 _a86/5885
020 _a977-10-242-2
040 _aJO-AjNU
_bara
_erda
_cJO-AjNU
041 _aara
050 1 4 _aBP173.65.W34 1986
100 3 _aعلي، وفاء محمد,
_eauthor
_99964
245 0 0 _aنفوذ النساء في الدولة الإسلامية في العراق ومصر
264 3 1 _aد.م: دار الفكر العربي، 1986
300 _a137ص
336 _atext
_btxt
_2rdacontent
337 _aunmediated
_bn
_2rdamedia
338 _avolume
_bnc
_2rdacarrier
650 4 _aالمرأة- البلاد الاسلامية- العراق- مصر
_99965
999 _aA1568
_c5136
_d5136